000 00767nam a22002297a 4500
005 20231006135301.0
008 231006b ||||| |||| 00| 0 eng d
020 _a 9788432162381
040 _aCO-BoUCM
_cDavid Moreno
_dDavid Moreno
041 _aspa
100 1 _aSeger, Linda
_9179035
245 1 0 _aCómo convertir un buen guion en un guion excelente /
_cLinda Seger
250 _aDecimo tercera edición
260 _aMadrid, ES
_bEdiciones Rialp
_c2022
300 _a260 Paginas
490 _aLibros de cine
650 1 7 _aCine
_xArte de escribir
_9179036
650 1 7 _aCine
_xGuiones
_9179037
650 1 7 _aTécnicas
_xGuiones cinematográfico
_9179038
942 _2DEWEY
_a17
_cLIBRO
_e13
_h791.4
_mSE454
_n0
999 _c323235
_d323235